LEADER 01149nam a2200229 i 4500 001 000000203349 003 CaOOAMICUS 005 20110624000000.0 008 110624s1940 it u000 u ita u 013 $a182061 040 $aSeMil$bita 245 10$aPanamerica e spazio orientale asiatico :$b(Due blocchi in formazione) /$cA cura di Silvio Pozzani dell'Ufficio Studi dell'I.S.P.I. 260 $aMilano :$bIstituto per gli studi di politica internazionale,$cstampa 1940. 300 $a157 p., [1] p. di tav. ripieg. ;$c21 cm. 490 0 $aProblemi del giorno ;$vN.49.-50-51-52 650 4$aAmerica - Economia - 1920-1940.$0(OLS)http://semarc/subject/38296 700 1 $aPozzani, Silvio.$0(OLS)http://semarc/name/73122 830 0$aProblemi del giorno ;$vN.49.-50-51-52.$0(OLS)http://semarc/title/19175 850 $aSeMil 852 $aSeMil$W1$xVenegono$y1$m3U II 236$j153845$B153845$CSeMilBibl$Z2$F164682 $81 996 $6245$aPanamerica e spazio orientale asiatico :$b(Due blocchi in formazione)$9(OLS)http://semarc/title/294451 996 $6260$aMilano :$bIstituto per gli studi di politica internazionale$9(OLS)http://semarc/publisher/33915 LEADER 01432nam a2200289 i 4500 001 000000247785 003 CaOOAMICUS 005 20160208000000.0 008 160208s2015 it u000 u ita u 013 $a226690 020 $a978-88-7653-683-0 040 $aSeMil$bita 100 1 $aGranados Rojas, Juan Manuel,$c.$0(OLS)http://semarc/name/63525 245 10$aTeologia della riconciliazione nell'epistolario paolino /$cJuan Manuel Granados Rojas. 260 $aRoma :$bGBP, Gregorian & Biblical Press,$c2015. 300 $a169 p. ;$c22 cm. 490 0 $aSubsidia biblica ;$v46 650 4$aBibbia. Nuovo Testamento. Lettere di Paolo - Commentari, studi, critica, interpretazioni.$0(OLS)http://semarc/subject/935 650 4$aRiconciliazione - Teologia.$0(OLS)http://semarc/subject/13220 650 4$aBibbia - NT - Lettere di Paolo - Teologia della riconciliazione.$0(OLS)http://semarc/subject/42779 830 0$aSubsidia biblica ;$v46.$0(OLS)http://semarc/title/9800 850 $aSeMil 852 $aSeMil$W1$xVenegono$y1$m2HA F 46$j230647$B198131$CSeMilBibl$Z2$F209330 $81 961 $aSottoscrizione: Pontificio Istituto Biblico 996 $6020$a978-88-7653-683-0$9(OLS)http://semarc/number/257230 996 $6245$aTeologia della riconciliazione nell'epistolario paolino$9(OLS)http://semarc/title/349817 996 $6260$aRoma :$bGBP, Gregorian & Biblical Press$9(OLS)http://semarc/publisher/33573